ARRUPE JESUIT UNIVERSITY

CORONAVIRUS -STOP THE SPREAD - CLEAN,DISINFECT,COVER

Socrates : (Record no. 124914)

MARC details
000 -LEADER
fixed length control field 00884cam a2200253 a 4500
001 - CONTROL NUMBER
control field 12389181
003 - CONTROL NUMBER IDENTIFIER
control field ARRUPE
005 - DATE AND TIME OF LATEST TRANSACTION
control field 20160811114255.0
008 - FIXED-LENGTH DATA ELEMENTS--GENERAL INFORMATION
fixed length control field 010424s2000 enka b 001 0deng
010 ## - LIBRARY OF CONGRESS CONTROL NUMBER
LC control number 2001268264
020 ## - INTERNATIONAL STANDARD BOOK NUMBER
International Standard Book Number 0192854127
040 ## - CATALOGING SOURCE
Original cataloging agency DLC
Transcribing agency DLC
Modifying agency DLC
050 00 - LIBRARY OF CONGRESS CALL NUMBER
Classification number B317
Item number .T24 2000
300 ## - PHYSICAL DESCRIPTION
Other physical details ill. ;
Dimensions 18 cm.
100 1# - MAIN ENTRY--PERSONAL NAME
Personal name Taylor, C. C. W.
Fuller form of name (Christopher Charles Whiston),
Dates associated with a name 1936-
9 (RLIN) 24795
245 10 - TITLE STATEMENT
Title Socrates :
Remainder of title a very short introduction /
Statement of responsibility, etc C.C.W. Taylor.
260 ## - PUBLICATION, DISTRIBUTION, ETC. (IMPRINT)
Place of publication, distribution, etc Oxford ;
-- New York :
Name of publisher, distributor, etc Oxford University Press,
Date of publication, distribution, etc 2000.
300 ## - PHYSICAL DESCRIPTION
Extent 122 p. :
440 #0 - SERIES STATEMENT/ADDED ENTRY--TITLE
Title Very short introductions ;
Volume number/sequential designation 27
9 (RLIN) 24796
504 ## - BIBLIOGRAPHY, ETC. NOTE
Bibliography, etc Includes bibliographical references (p. 109-111) and indexes.
600 00 - SUBJECT ADDED ENTRY--PERSONAL NAME
Personal name Socrates.
9 (RLIN) 11180
906 ## - LOCAL DATA ELEMENT F, LDF (RLIN)
a 7
b cbc
c origcop
d 2
e ncip
f 20
g y-gencatlg
942 ## - ADDED ENTRY ELEMENTS (KOHA)
Source of classification or shelving scheme Library of Congress Classification
Koha item type Monograph ( Printed materials)
Holdings
Withdrawn status Lost status Source of classification or shelving scheme Damaged status Not for loan Collection code Home library Current library Shelving location Date acquired Total Checkouts Full call number Barcode Date last seen Date checked out Price effective from Koha item type
    Library of Congress Classification     Main Collection ARRUPE LIBRARY ARRUPE LIBRARY Main Collection 11/08/2016 4 B317 .T24 2000 46500008556 03/09/2024 23/08/2024 11/08/2016 Monograph ( Printed materials)

 

Arrupe Library. PO Box MP320 Mt Pleasant, Harare, Zimbabwe
263 242 745411|librarian@aju.ac.zw